| 000 | 01275nam a2200265 i 4500 | ||
|---|---|---|---|
| 001 | bg | ||
| 946 | _c100,00 | ||
| 111 |
_aSeminarium Naukowo-Techniczne z cyklu "Biologiczne usuwanie związków biogennych." _n(2 ; _d2008 r. ; _cWarszawa). |
||
| 245 | 0 | 0 |
_aOptymalizacja usuwania azotu - doświadczenia krajowe i zagraniczne : _bWarszawa, 5-6 listopada 2008 r. |
| 246 | _aII Seminarium Naukowo- Techniczne z cyklu "Biologiczne usuwanie związków biogennych" | ||
| 246 | _aBiologiczne usuwanie związków biogennych | ||
| 260 |
_aWarszawa : _bWydawnictwo Seidel-Przywecki, _c[2008 lub 2009]. |
||
| 300 |
_aSkoroszyt (366 s. pag. varia) : _bil. ; _c24 cm. |
||
| 500 | _aMateriały z II Seminarium Naukowo-Technicznego z cyklu "Biologiczne usuwanie związków biogennych" ; Warszawa 5-6 listopada 2008. | ||
| 650 |
_aAzot _xzwiązki _xhigiena |
||
| 650 |
_aAzot _xzwiązki _xunieszkodliwianie |
||
| 650 | _aOczyszczalnia ścieków | ||
| 655 | _aMateriały konferencyjne | ||
| 040 | _cBPK | ||
| 041 |
_apol _aeng |
||
| 044 | _aPOL | ||
| 080 | _a628.32:546.1/.2](06) | ||
| 942 | _cKA | ||
| 008 | 090722s2008 pl |001 0dpol | ||
| 999 |
_c49175 _d49175 |
||
| 856 |
_uhttp://koha.tu.koszalin.pl/cgi-bin/koha/opac-detail.pl?biblionumber=49175 _yKatalog online BPK |
||